Termické procesy pri výpale keramických obkladačiek a dlaždíc

Gespeichert in:
Bibliographische Detailangaben
1. Verfasser: Vojtechovský, Oto
Format: Buch
Sprache:Slowakisch
Veröffentlicht: Bratislava STU FCHPT 2007
Online-Zugang:Im OPAC anzeigen
Tags: Tag hinzufügen
Keine Tags, Fügen Sie das erste Tag hinzu!

MARC

LEADER 00000nam a2200000 a 4500
005 20260127134141.0
008 060607 2006 xo 000 0 slo d
035 |a vtls009082774 
039 9 |y 200707251233  |z mschk03 
040 |a STUSCHK1  |b slo  |c STUSCHK1  |e AACR2 
100 1 |a Vojtechovský, Oto 
245 1 |a Termické procesy pri výpale keramických obkladačiek a dlaždíc  |c Oto Vojtechovský 
260 |a Bratislava  |b STU FCHPT  |c 2007 
300 |a 68 s.  |b tab.,grafy, lit.  |c 29 cm 
500 |a Obháj.: 5.6. 2007 
500 |a Špec.: Keramika, sklo cement 
500 |a Ústav anorganickej chémie, technológie a materiálov 
910 |a SCHK95 
999 |c 5256  |d 5256